Crofting Reform etc. Act 2007 (Record no. 109654)

MARC details
000 -LEADER
fixed length control field 01487cad a22003135a 4500
001 - CONTROL NUMBER
control field E147612
008 - FIXED-LENGTH DATA ELEMENTS--GENERAL INFORMATION
fixed length control field 090530s2007 xxk f ls000 0 eng d
035 ## - SYSTEM CONTROL NUMBER
System control number (Sirsi) u147612
041 0# - LANGUAGE CODE
Language code of text/sound track or separate title eng
050 04 - LIBRARY OF CONGRESS CALL NUMBER
Classification number 630.0269411 $2 18
110 2# - MAIN ENTRY--CORPORATE NAME
Corporate name or jurisdiction name as entry element Scotland
Form subheading Laws, etc.
245 00 - TITLE STATEMENT
Title Crofting Reform etc. Act 2007
Medium [electronic resource]
260 ## - PUBLICATION, DISTRIBUTION, ETC.
Place of publication, distribution, etc. London
Name of publisher, distributor, etc. OPSI
Date of publication, distribution, etc. 2007
505 2# - FORMATTED CONTENTS NOTE
Formatted contents note Part 1: the Crofters Commission -- Part 2: crofts -- Part 3: termination of tenancy, decrofting etc. -- Part 4: common grazings -- Part 5: schemes for development -- Part 6: crofting community right to buy -- Part 7: general and miscellaneous
520 ## - SUMMARY, ETC.
Summary, etc. Amends the Crofting (Scotland) Act 1993, and changes provisions in the Crofters Holdings (Scotland) Act 1886, The Deer (Scotland) Act 1996, the Land Reform (Scotland) Act 2003, the Succession (Scotland) Act 1964 and the Scottish Land Court Act 1993.
521 ## - TARGET AUDIENCE NOTE
Target audience note Advanced
590 ## - LOCAL NOTE (RLIN)
Local note KA
650 24 - SUBJECT ADDED ENTRY--TOPICAL TERM
Topical term or geographic name entry element CROFTING REFORM ETC. ACT 2007
650 24 - SUBJECT ADDED ENTRY--TOPICAL TERM
Topical term or geographic name entry element CROFTING (SCOTLAND) ACT 1993
650 24 - SUBJECT ADDED ENTRY--TOPICAL TERM
Topical term or geographic name entry element CROFTERS HOLDINGS (SCOTLAND) ACT 1886
650 24 - SUBJECT ADDED ENTRY--TOPICAL TERM
Topical term or geographic name entry element DEER (SCOTLAND) ACT 1996
650 24 - SUBJECT ADDED ENTRY--TOPICAL TERM
Topical term or geographic name entry element LAND REFORM (SCOTLAND) ACT 2003
650 24 - SUBJECT ADDED ENTRY--TOPICAL TERM
Topical term or geographic name entry element SUCCESSION (SCOTLAND) ACT 1964
650 24 - SUBJECT ADDED ENTRY--TOPICAL TERM
Topical term or geographic name entry element SCOTTISH LAND COURT ACT 1993
651 #4 - SUBJECT ADDED ENTRY--GEOGRAPHIC NAME
Geographic name United Kingdom
690 ## - LOCAL SUBJECT ADDED ENTRY--TOPICAL TERM (OCLC, RLIN)
Topical term or geographic name as entry element ENVIRONMENTAL AND LAND CONSULTANCY-AGRIBUSINESS-AGRICULTURE
856 40 - ELECTRONIC LOCATION AND ACCESS
Uniform Resource Identifier <a href="https://www.legislation.gov.uk/asp/2007/7/contents">https://www.legislation.gov.uk/asp/2007/7/contents</a>
Public note Available free on legislation.gov.uk
942 ## - ADDED ENTRY ELEMENTS (KOHA)
Suppress in OPAC 0
Source of classification or shelving scheme Dewey Decimal Classification
Holdings
Withdrawn status Lost status Source of classification or shelving scheme Damaged status Not for loan Home library Current library Shelving location Date acquired Total Checkouts Full call number Barcode Date last seen Copy number Price effective from Koha item type
    Dewey Decimal Classification     Virtual Virtual Online 29/05/2009   ONLINE PUBLICATION 147612-2001 28/03/2023 1 06/08/2019 Book